000 00493nam a22001577a 4500
003 OSt
005 20240418125401.0
008 240418b |||||||| |||| 00| 0 eng d
040 _cMRSPTU
100 _aBhupinder Singh (ਭੁਪਿੰਦਰ ਸਿੰਘ)
245 _aRoshni Paida Karan Wala Prani (ਰੋਸ਼ਨੀ ਪੈਦਾ ਕਰਨ ਵਾਲੇ ਪ੍ਰਾਣੀ)
250 _a1st
260 _aPunjab
_bDirector Education Department
_c1995
300 _a40
942 _2ddc
_cBK
_n0
999 _c10082
_d10082